GeoGuessr Inversé #1 - Statistiques

Statistiques générales
  • Ce quiz a été pris 476 fois
  • Le résultat moyen est 13 sur 20
Statistiques - réponses
Question Tuile Select % Correct
Inde Non
92%
Allemagne Non
88%
France Non
88%
France Non
83%
Allemagne Oui
82%
Inde Oui
82%
Inde Non
82%
Japon Non
81%
Japon Non
80%
France Oui
79%
Japon Oui
71%
France Oui
61%
Japon Non
50%
Irlande Oui
50%
Irlande Oui
48%
Inde Oui
47%
Irlande Oui
42%
Allemagne Oui
34%
Irlande Oui
29%
Allemagne Oui
14%
Aucun quiz correspondant
Distribution des résultats
% des personnes avec chaque résultat
Percentile par nombre de réponses
Votre historique - résultats
Vous n’avez pas pris ce quiz